000 00718nam a2200241 a 4500
005 20140310183302.0
008 021016s19uu xx 00 eng d
020 _a9812471383
050 _aQA 76.73.B3
_b.D46 2004
100 _aDeitel, H. M.
245 _aVisual basic. Net :
_bhow to program /
_cH. M. Deitel, P. J. Deitel and T. R. Nieto.
250 _a2nd ed.
260 _aSingapore :
_bPearson Education South Asia,
_c2004.
300 _aliv, 1517 p. :
_bill. ;
_c22 cm.
521 _aIT
650 _aMicrosoft visual BASIC.
650 _aBASIC ( computer program language )
650 _aMicrosft. Net
700 _aDeitel, P.J.
700 _aNieto, T.R.
942 _cBK
_2lcc
_kFOR
999 _c21005
_d21005